00519nam a2200205Ia 4500008004100000020001800041050002000059050001700079100002000096245002500116245003800141260001600179260002500195260000900220300001600229300002000245300001100265500002000276650001700296180523s9999 xx 000 0 und d a81-7245-297-7 aMAIN GV 1114.9  b.Y38 [200-?] aYates, Keith D. 0aTae kwon do basics / 0cKeith D. Yates, H. Bryan Robbins. aNew Delhi : bGoodwill Publishing, c200? a128 pages : billustrations ; c22 cm. aIncludes index. aTae kwon do.